| 000 | 01141nam a22002297a 4500 | ||
|---|---|---|---|
| 005 | 20120131112745.0 | ||
| 008 | 100209t xxu||||| |||| 00| 0 hin d | ||
| 010 | _aB-152865 | ||
| 020 |
_c500.00 _a8173155143 |
||
| 035 | _aB-152865 | ||
| 037 | _bप्रभात प्रकाशन | ||
| 040 |
_aDPL _bHN |
||
| 082 | _a070.409 | ||
| 100 |
_aचतुर्वेदी, जगदीश प्रसाद _940428 |
||
| 245 |
_aहिंदी पत्रकारिता का इतिहास / _cजगदीश प्रसाद चतुर्वेदी |
||
| 260 |
_aनई दिल्ली _bप्रभात प्रकाशन _c2004 |
||
| 270 |
_a4/19 आसफ अली रोड _bनई दिल्ली _e110002 |
||
| 300 |
_a394पृ. _c22सेमी (सजिल्द) |
||
| 942 |
_2ddc _cHN _mचतुर्वे _h070.409 |
||
| 999 |
_c61708 _d61708 |
||